| 000 | 00403nam a2200121Ia 4500 | ||
|---|---|---|---|
| 008 | 210430s9999 xx 000 0 und d | ||
| 020 | _a978-81317-0090-7 | ||
| 082 | _a620.11 S5241I | ||
| 100 |
_aJames F. Shackelford, Madanapalli K. Muralidhara _954716 |
||
| 245 |
_aIntroduction to Materials Science For Engineers _cJames F. Shackelford, Madanapalli K. Muralidhara |
||
| 300 | _a778 | ||
| 942 |
_cBK _2ddc |
||
| 999 |
_c565403 _d565403 |
||